Capitales Asie - Statistiques

Statistiques générales
  • Ce quiz a été pris 85 fois
    10 depuis la dernière actualisation
  • Le résultat moyen est 41 sur 49
Statistiques - réponses
Hint Réponse % Correct
Thaïlande Bangkok
100%
Arménie Erevan
100%
Russie Moscou
100%
Cambodge Phnom Penh
100%
Géorgie Tbilissi
100%
Jordanie Amman
88%
Turquie Ankara
88%
Kazakhstan Astana
88%
Irak Bagdad
88%
Azerbaïdjan Bakou
88%
Liban Beyrouth
88%
Kirghizistan Bichkek
88%
Syrie Damas
88%
Qatar Doha
88%
Tadjikistan Douchanbé
88%
Viêt Nam Hanoï
88%
Pakistan Islamabad
88%
Indonésie Jakarta
88%
Israël Jérusalem
88%
Afghanistan Kaboul
88%
Népal Katmandou
88%
Koweït Koweït
88%
Malaisie Kuala Lumpur
88%
Bahreïn Manama
88%
Philippines Manille
88%
Oman Mascate
88%
Inde New Delhi
88%
Chypre Nicosie
88%
Mongolie Oulan-Bator
88%
Chine Pékin
88%
Corée du Nord Pyongyang
88%
Arabie saoudite Riyad
88%
Yémen Sanaa
88%
Corée du Sud Séoul
88%
Singapour Singapour
88%
Taïwan Taipei
88%
Iran Teheran
88%
Japon Tokyo
88%
Turkménistan Achgabat
75%
Bangladesh Dacca
75%
Timor oriental Dili
75%
Maldives Malé
75%
Ouzbékistan Tachkent
75%
Laos Vientiane
75%
Brunei Bandar Seri Begawan
63%
Birmanie Naypyidaw
63%
Sri Lanka Sri jayawardenapura kotte
63%
Emirats arabes unis Abu Dabi
50%
Bhoutan Timphou
38%
Aucun quiz correspondant
Distribution des résultats
% des personnes avec chaque résultat
Percentile par nombre de réponses
Votre historique - résultats
Vous n’avez pas pris ce quiz depuis la dernière actualisation